| 000 | 00702nmm a2200193Ia 4500 | ||
|---|---|---|---|
| 008 | 251105s9999||||xx |||||||||||||||||und|| | ||
| 020 | _a9789587810721 | ||
| 041 | _aspa | ||
| 100 | _aVallejo Mejía, Maryluz | ||
| 245 | 0 | _aLos cercos del debate sobre restitución de tierras: encuadres retóricos de la Ley 1448 de 2011 en la prensa colombiana nacional y regional | |
| 264 |
_a[Bogotá, Colombia] : _bEditorial Pontificia Universidad Javeriana, _c2017 |
||
| 300 | _a248 páginas | ||
| 490 | _aLibros de investigación | ||
| 650 | _aLaw | ||
| 700 | _aVallejo Mejía, Maryluz | ||
| 700 | 1 | _a Montoya Londoño, Catalina | |
| 856 | _uhttps://public.digitaliapublishing.com/a/56144 | ||
| 942 | _cCF | ||
| 999 |
_c72218 _d72218 |
||